L'explication de texte littéraire à l'oral (notice n° 1567248)

détails MARC
000 -LEADER
fixed length control field 01151cam a2200133 4500500
005 - DATE AND TIME OF LATEST TRANSACTION
control field 20251214002632.0
041 ## - LANGUAGE CODE
Language code of text/sound track or separate title fre
042 ## - AUTHENTICATION CODE
Authentication code dc
100 10 - MAIN ENTRY--PERSONAL NAME
Personal name Lyraud, Pierre
Relator term author
245 00 - TITLE STATEMENT
Title L'explication de texte littéraire à l'oral
260 ## - PUBLICATION, DISTRIBUTION, ETC.
Name of publisher, distributor, etc. Armand Colin,<br/>
Date of publication, distribution, etc. 2018.<br/>
520 ## - SUMMARY, ETC.
Summary, etc. De la gestion du temps à la mise en œuvre de l’analyse linéaire, en passant par la formulation de la problématique, ce manuel est une mine de stratégies et conseils pour ne plus se sentir démuni le jour J, quel que soit le genre du texte étudié.Il propose une méthode progressive, rigoureuse et systématique sur laquelle s’appuyer pour se préparer efficacement et affronter aux mieux les difficultés fréquemment rencontrées par les étudiants.Les entrainements corrigés sont l’occasion de s’exercer et de mettre la méthode en application. Les très nombreux extraits commentés d’œuvres, pour leur part, fournissent un ensemble de références incontournables qui alimenteront vos futurs travaux.
856 41 - ELECTRONIC LOCATION AND ACCESS
Uniform Resource Identifier <a href="https://shs.cairn.info/l-explication-de-texte-litteraire-a-l-oral--9782200621605?lang=fr&redirect-ssocas=7080">https://shs.cairn.info/l-explication-de-texte-litteraire-a-l-oral--9782200621605?lang=fr&redirect-ssocas=7080</a>

Pas d'exemplaire disponible.

PLUDOC

PLUDOC est la plateforme unique et centralisée de gestion des bibliothèques physiques et numériques de Guinée administré par le CEDUST. Elle est la plus grande base de données de ressources documentaires pour les Étudiants, Enseignants chercheurs et Chercheurs de Guinée.

Adresse

627 919 101/664 919 101

25 boulevard du commerce
Kaloum, Conakry, Guinée

Réseaux sociaux

Powered by Netsen Group @ 2025